MDQL
is popping MORE tags! Check the
thread
!
Quizzes
Events
Quiz Creation
Community
Videos
Private Events
Remove Ads
Sign In
Join for FREE
Feedback
Dark Mode
Quiz Categories
Sports
Geography
Music
Movies
Television
Just For Fun
Miscellaneous
History
Literature
Language
Science
Gaming
Entertainment
Religion
Holiday
For Kids
Quiz Lab
Recent
Popular Today
Quiz Kudos Today
Editor Picks
Curator Picks
Quizzes by...
Day
Popularity
Type
Ratings
Length
Year
Community
Subscriptions
Recent Discussions
Orange Saloon
Badges
Playlists
Quests
Create
Leaderboards
Showdown
Live 5
Trivia Bingo
Activity
Puzzle Library
Sporcle Events
Private Events
Virtual Trivia
Globe League
Become a Host
Pub Owners
SporcleCon
Opinionation
Our Games
Videos
Blog
Mobile Apps
Partnerships
Remove Ads and Go Orange
Feedback
Television
TV Characters
TV Show
Sitcom
Network
Friends
Reality Shows
Cast
South Park
Star Trek
The Simpsons
Doctor Who
Television
TV Characters
TV Show
Sitcom
Network
Friends
Reality Shows
Cast
South Park
Star Trek
The Simpsons
Doctor Who
Random Quiz
Search Sporcle
×
Quiz Lab
Quiz Lab
Television
United States
Type in answers that appear in a list
Type in answers that appear in a list
Classic
Best Score? Go Orange.
Big Brother USA Stats
Can you name the Contestants of Big Brother USA?
By
eliedwards
12m
158 Questions
489 Plays
489 Plays
489 Plays
Comments
Comments
Give Quiz Kudos
Give Quiz Kudos
-
- Ratings
hide this ad
Replay
Link that replays current quiz
Next Quiz
Link to next quiz in quiz playlist
You Got
0%
They Got
Avg Score
60%
Avg Friend Score
Upgrade to see
Score Distribution
Jump to the score distribution portion of the page
Score
0/158
Timer
12:00
0
Plays Today
% Correct
Will Kirby
88.5%
Will Kirby
88.5%
Dan Gheesling
87.9%
William Collins
87.1%
Will Wikle
87.1%
Mike Boogie Malin
85.9%
Jordan Lloyd
85.1%
Mike Malin
84.5%
Mike Lubinski
83.2%
Mike Dutz
83.2%
Danielle Rayes
81.8%
Danielle Rayes
81.8%
Rachel Plencner
81.4%
Rachel Reilly
81.4%
Dick Donato
80.8%
Janelle Pierzina
80.4%
Janelle Pierzina
80.4%
Jeff Schroeder
79.6%
Eric Cappy Littmann
78.5%
Eric Stein
78.3%
Eric Oullette
78.1%
George Boswell
77.1%
George Boswell
77.1%
Jen Johnson
77.1%
Jen Diturno
76.7%
James Rhine
76.5%
James Rhine
76.5%
James Zinkand
76.3%
Hayden Moss
75.3%
Britney Haynes
74.2%
Jennifer Nakomis Dedmon
74%
Jennifer Nakomis Dedmon
74%
Natalie Montgomery-Carroll
73.8%
Natalie Cunial
73.8%
Natalie Martinez
73.8%
Matt McDonald
72.8%
Matt Hoffman
72.8%
Michael Ellis
72.4%
Michael Donnellan
72.4%
Jun Song
71.6%
Michelle Maradie
71%
Howie Gordon
71%
Howie Gordon
71%
Michelle Costa
71%
Enzo Palumbo
70.8%
Brendon Villegas
69.9%
Lisa Donahue
69.5%
Drew Daniel
69.5%
Daniele Donato
69.3%
Lane Elenburg
69.3%
Erika Landin
68.9%
Erika Landin
68.9%
Jessica Hughbanks
68.9%
% Correct
Alison Irwin
68.5%
Alison Irwin
68.5%
Adam Jasinski
68.5%
Jessie Godderz
68.1%
Jessie Godderz
68.1%
Eddie McGee
67.9%
Maggie Ausburn
67.5%
Kaysar Ridha
67.3%
Kaysar Ridha
67.3%
Kevin Campbell
66.1%
Joshuah Welch
65.2%
Josh Souza
65%
Josh Feinberg
65%
April Lewis
64.8%
Memphis Garrett
64.8%
April Dowling
64.8%
Marcellas Reynolds
64.4%
Marcellas Reynolds
64.4%
Jase Wirey
63%
Jase Wirey
63%
Diane Henry
62.4%
Diane Henry
62.4%
Ivette Corredero
61.3%
Jerry MacDonald
60.7%
Nicole Schaffrich
59.9%
Jennifer Vasquez
59.9%
Nick Starcevic
59.9%
Ryan Quicksall
59.9%
Amanda Craig
59.7%
Amanda Hansen
59.7%
Annie Whittington
59.1%
Amy Crews
58.9%
Ragan Fox
58.9%
Bryan Ollie
58.3%
Keesha Smith
57.9%
Jason Guy
57.7%
Chima Simone Benson
57.7%
Michele Noonan
57.5%
Kristen Bitting
57.5%
Justin Sebik
56.9%
Justin Giovinco
56.9%
Lydia Tavera
56.6%
Zach Swerdzewski
56.4%
Andrew Gordon
56.4%
Russell Kairouz
56.2%
Sarah Hrejsa
55.6%
Monica Bailey
55.4%
Bunky Miller
55.4%
Joe Barber II
55.4%
Kathy Hillis
55.2%
Renny Martin
53.4%
Brian Hart
53.4%
Amber Siyavus
52.6%
% Correct
Jee Choe
52.1%
Allison Nichols
52.1%
Ronnie Talbott
51.9%
Laura Crosby
51.9%
Monet Stunson
51.9%
Beau Beasley
51.7%
Dustin Erikstrup
51.7%
Robert Roman
51.5%
Shannon Dragoo
51.3%
Jameka Cameron
50.9%
Hardy Ames-Hill
50.7%
Brittany Petros
50.3%
Scott Weintraub
50.1%
Scott Long
50.1%
Kail Harbick
50.1%
Jack Owens, Jr.
49.7%
Krista Stegall
49.5%
Libra Thompson
48.7%
Casey Turner
48.3%
Sharon Obermueller
48.1%
Adria Montgomery-Klein
47.9%
Karen Fowler
47.2%
Karen Ganci
47.2%
Braden Bacha
47.2%
Carol Journey
47%
David Lane
46%
Steven Daigle
45.8%
Parker Somerville
44.6%
Chelsia Hart
44.4%
Ashlea Evans
44.2%
Alex Coladonato
44%
Kent Blackwelder
43.6%
Holly King
42.9%
Nathan Marlow
42.3%
Marvin Latimer
41.1%
Jamie Kern
40.1%
Dana Varela
39.3%
Autumn Daly
39.1%
Roddy Mancuso
38.9%
Lori Olsen
38.9%
Lori Valenti
38.9%
Curtis Kin
38%
Gerry Lancaster
38%
Angie Swindell
38%
Neil Garcia
36.8%
Sheryl Braxton
35.6%
Cassandra Walton
35.2%
Jacob Heald
35.2%
Chiara Berti
34.8%
Tonya Paoni
33.9%
Sheila Kennedy
29.2%
Jean Jordon
13.9%
Quiz Playlist
Details
Report
Send in Message
Add To Playlist
Classic:
Type in answers that appear in a list
Last Updated: Feb 16, 2017
Quiz Scoreboard
CHALLENGE
Sign Up to Join the Scoreboard
Show All
Scores
Hide
Comments
May contain spoilers
Recently Published
Street Fighter Characters
by Artimus82
Gaming
60s
9x9 Crossword: Cartoon Network
by jackfrog10
Miscellaneous
3m
College Basketball Coaching Resumes
by pancakes188
Sports
9m
More to Explore
Quiz From the Vault
Featured Blog Post
Where Did the Easter Bunny Come From?
hide this ad
You Might Also Like...
Tags
United States Quiz
Big Brother
Brother
Contestants
Today's Top Quizzes in Television
Browse Television
hide this ad
Today's Top Quizzes in United States
Browse United States
Top Contributed Quizzes in Television
1
5-to-1: The Simpsons Families
2
Adjectives in 80s TV Shows
3
Adjectives in 00s TV Shows
4
Survivor Journey Challenge
5
5-to-1: Television Doctors
6
7-to-1: TV Show Settings
7
Adjectives in 10s TV Shows
8
5-to-1: Streaming Originals
9
Survivor Seasons
10
Adjectives in 70s TV Shows
Explore More
Trending Topics
NBA
Disney
Anime
Kpop
Crossword
Marvel
Harry Potter
WWE
Soccer
Pokémon
NFL
Country
The Office
Song
Puzzle
hide this ad
More By:
eliedwards
Quiz
Plays
Rating
Category
Featured
Created
Big Brother USA
489
4.67
Television
Nov 7, 2010
Authors of Great Short Fiction
58
1.57
Literature
Dec 13, 2010
COM 101 Final
16
Miscellaneous
Dec 15, 2010
Brit Lit Exam 2
3
Literature
Oct 12, 2011
Go to Creator's Profile
Score Distribution
Quiz Creator Spotlight
eliedwards
Follow
Send a Message
Quizzes Created
-
Created Quiz Play Count
-
More By This Creator
Popular Quizzes Today
1
Find the US States - No Outlines Minefield
2
Find the Countries of Europe - No Outlines Minefield
3
The Countries of the World
4
Find the US States
5
Risky Map Clicking: Biggest States A-Z
6
US States
7
Popular People in 1961
8
Movies - When Are They Set?
More Television Quizzes
Profile: SpongeBob
Curator's Pick
Trending Quizzes
Risky Map Clicking: Least Populous States A-Z
Countries of the World: 200 Million BC
1-10 Letter G Words
Risky Map Clicking: Next State Alphabetically
Adjectives in 80s TV Shows
Recently Updated
Leaping Animals
pecheneg
Reality TV Shows (A-Z)
bhenderson79
Rickey Henderson's Hall of Fame Teammates
pecheneg
Champions League XIs: Arsenal
pecheneg
Quick Pick: Celebrities in WWE's Hall of Fame
aduchscher
A-Z Keypad Blitz II
pecheneg
Multiple Oscar Actors
pecheneg
Mystery Phrase Blitz: Oscar 'Best Actors'
pecheneg
F. Scott Fitzgerald Novels
LTH
Pick 3 Villains
ddd62291
Trending Topics
NBA
Anime
Harry Potter
Disney
Crossword
Marvel
Kpop
Country
Pokémon
Puzzle
Song
WWE
The Office
Soccer
NFL
Your Account Isn't Verified!
In order to create a playlist on Sporcle, you need to verify the email address you used during registration. Go to your
Sporcle Settings
to finish the process.
Report this User
Report this user for behavior that violates our
Community Guidelines
.
Details:
Send Report
Go to the Sporcle.com Mobile Site →
Comments